[Event "Harkany Tenkes Cup 42nd"]
[Site "Harkany"]
[Date "2018.11.28"]
[Round "7"]
[White "Enzi, Gerald"]
[Black "Vishwa, Vasnawala"]
[Result "0-1"]
[WhiteElo "1856"]
[BlackElo "1824"]
[PlyCount "174"]
[EventDate "2018.11.23"]
[EventType "swiss"]
[EventRounds "9"]
[EventCountry "HUN"]
[SourceTitle "CBM 187 Extra"]
[Source "ChessBase"]
[SourceDate "2018.11.04"]
[SourceVersion "1"]
[SourceVersionDate "2018.11.04"]
[SourceQuality "1"]

1. c4 c5 2. Nc3 g6 3. e4 Bg7 4. g3 Nc6 5. Bg2 d6 6. Nge2 Nf6 7. 0-0 0-0 8. d4 cxd4 9. Nxd4 Bd7 10. h3 Nxd4 11. Qxd4 Bc6 12. Qd3 Nd7 13. Be3 Nc5 14. Qc2 a5 15. Rad1 Qb6 16. b3 Rfc8 17. Nd5 Bxd5 18. exd5 a4 19. Rb1 axb3 20. axb3 Qc7 21. Rfe1 Bf6 22. g4 Ra6 23. Bf1 Rca8 24. Bxc5 dxc5 25. Qe4 Bd4 26. Kg2 Ra2 27. Re2 Kf8 28. b4 b6 29. Rb3 Rxe2 30. Bxe2 Qe5 31. Qxe5 Bxe5 32. bxc5 bxc5 33. Rf3 Ra2 34. Bd3 Bd4 35. Be4 Kg7 36. Bb1 Rb2 37. Be4 Ra2 38. Bb1 Rb2 39. Be4 Re2 40. Bd3 Rb2 41. Be4 g5 42. Bf5 h6 43. Be4 f6 44. Bf5 Kf7 45. Be6+ Kf8 46. Bf5 Ke8 47. Bd3 Kd8 48. Bf5 Kc7 49. Bg6 Kb6 50. Bf5 Ka5 51. Bd3 Kb4 52. Bf1 Rc2 53. Bd3 Rd2 54. Bf1 Rb2 55. Kg1 Rb3 56. Rxb3+ Kxb3 57. Kg2 Kc3 58. f3 Kd2 59. Kg3 Ke3 60. Kg2 Be5 61. Kg1 Kxf3 62. Bg2+ Kg3 63. Kh1 h5 64. gxh5 f5 65. h6 f4 66. Bf1 f3 67. Kg1 Bd4+ 68. Kh1 Kf2 69. Bd3 Be5 70. h7 Bf6 71. Kh2 Bg7 72. Kh1 Be5 73. Bf5 Ke3 74. Kg1 Ke2 75. Bg4 Bd4+ 76. Kh2 Kf2 77. Bh5 Be5+ 78. Kh1 Kg3 79. Bg4 f2 80. Be2 Kxh3 81. Bf1+ Kg3 82. Be2 g4 83. Bd3 Kf3 84. Bf1 g3 85. Bg2+ Ke2 86. d6 f1Q+ 87. Bxf1+ Kxf1 0-1

[Event "Harkany Tenkes Cup 42nd"]
[Site "Harkany"]
[Date "2018.11.24"]
[Round "2"]
[White "Enzi, Gerald"]
[Black "Papp, Bence"]
[Result "1-0"]
[WhiteElo "1856"]
[BlackElo "2028"]
[PlyCount "71"]
[EventDate "2018.11.23"]
[EventType "swiss"]
[EventRounds "9"]
[EventCountry "HUN"]
[SourceTitle "CBM 187 Extra"]
[Source "ChessBase"]
[SourceDate "2018.11.04"]
[SourceVersion "1"]
[SourceVersionDate "2018.11.04"]
[SourceQuality "1"]

1. c4 f5 2. Nc3 Nf6 3. g3 g6 4. Bg2 Bg7 5. d4 0-0 6. Nf3 d6 7. 0-0 c6 8. Bg5 Nbd7 9. Qd2 Qe8 10. Bh6 Qf7 11. Bxg7 Kxg7 12. d5 h6 13. Nd4 Ne5 14. b3 c5 15. Ndb5 Ne8 16. f4 Ng4 17. h3 Ngf6 18. e4 a6 19. Na3 Nxe4 20. Nxe4 fxe4 21. Rae1 h5 22. Rxe4 Bf5 23. Re2 Nf6 24. Rfe1 Rfe8 25. Nb1 b5 26. Nc3 bxc4 27. bxc4 Rab8 28. Nd1 Rbd8 29. Qa5 e6 30. Qc3 exd5 31. Bxd5 Qf8 32. Nf2 Kh7 33. Rxe8 Rxe8 34. Rxe8 Nxe8 35. Qa5 h4 36. g4 1-0